Normal view
MARC view
- Antropología
Entry Materia
001 - NÚMERO DE CONTROL DEL REGISTRO
- campo de control: 4776
003 - IDENTIFICADOR DE NUMERO DE CONTROL
- campo de control: MX-MxUPN
005 - FECHA Y HORA DE LA ÚLTIMA TRANSACCIÓN
- campo de control: 20240912085836.0
008 - DATOS DE LONGITUD FIJA
- campo de control de longitud fija: 240912n| fcnnnbabn | ana |d
035 ## - NÚMERO DE CONTROL DEL SISTEMA
- Número de control del sistema: UPN10000004776
040 ## - FUENTE DE LA CATALOGACIÓN
- Centro catalogador de origen: MX-MxUPN
- Lengua de catalogación: spa
- Agencia de transcripción: MX-MxUPN
150 ## - ENCABEZAMIENTO - TEMÁTICO
- Término de materia o nombre geográfico como elemento inicial: Antropología
- Subdivisión geográfica: Samoa, islas
670 ## - FUENTE EN LA QUE SE LOCALIZARON DATOS
- Cita de la fuente: E
- Información localizada: Antropología - Salomón, Islas
902 ## - CATALOGADOR
- Catalogador: MCM/110903
